Aónikenk - tehuelches : Paisanos del cañadón /
La conquista del "desierto" Y el exterminio de la mayoría del pueblo tehuelche. La creación de las reservas indígenas Y el impacto en la vida cotidiana de sus habitantes. Kamusu Aike, reserva tehuelche Y su situación actual. El olvido de la sociedad Y la lucha de este pueblo por la propied...
Guardado en:
| Autor Principal: | |
|---|---|
| Autor Corporativo: | |
| Formato: | |
| Publicado: |
Argentina,
2007
|
| Series: | Pueblos Originarios I
|
| Materias: | |
| Acceso en línea: | https://www.educ.ar/recursos/50514/aonikenk-tehuelches-paisanos-del-canadon |
| Etiquetas: |
Agregar Etiqueta
Sin Etiquetas, Sea el primero en etiquetar este registro!
|
| LEADER | 01288ngm a22003135g 4500 | ||
|---|---|---|---|
| 001 | CEM.cems023989 | ||
| 008 | 130507s2007##################0###0#####d | ||
| 005 | 20250804183823.0 | ||
| 245 | 1 | 0 | |a Aónikenk - tehuelches : |b Paisanos del cañadón / |c Julián Rousso. |
| 260 | |a Argentina, |c 2007 | ||
| 300 | |a 28'. | ||
| 490 | 0 | |a Pueblos Originarios I | |
| 538 | |a Soporte: DVD - Grabación DRD | ||
| 520 | |a La conquista del "desierto" Y el exterminio de la mayoría del pueblo tehuelche. La creación de las reservas indígenas Y el impacto en la vida cotidiana de sus habitantes. Kamusu Aike, reserva tehuelche Y su situación actual. El olvido de la sociedad Y la lucha de este pueblo por la propiedad de las tierras donde están desde hace 100 años. | ||
| 500 | |a Consultar en ventanilla. | ||
| 100 | 1 | |a Rousso, Julián | |
| 710 | 2 | |a Canal Encuentro. | |
| 082 | 3 | 0 | |/ ROU-1 |
| 653 | |a SOCIEDAD | ||
| 653 | |a PUEBLOS ORIGINARIOS | ||
| 653 | |a ABORIGENES | ||
| 653 | |a INDIGENAS | ||
| 653 | |a INDIGENISMO | ||
| 653 | |a ETNIAS | ||
| 653 | |a PATAGONIA | ||
| 653 | |a TEHUELCHES | ||
| 653 | |a SERIE DE TELEVISIÓN | ||
| 856 | |u https://www.educ.ar/recursos/50514/aonikenk-tehuelches-paisanos-del-canadon | ||
| 859 | |a CEMS |b BIB. CEMS - Depto. Recursos Didacticos |h 301 |i ROU-1 |k DRD |p 2632.16 |t Ej.1 | ||
